| 000 | 01259cam a2200337 i 4500 | ||
|---|---|---|---|
| 999 |
_c173236 _d173236 |
||
| 001 | 17570142 | ||
| 003 | Nust | ||
| 005 | 20180117090020.0 | ||
| 008 | 120620s2012 ii a 000 0 eng | ||
| 010 | _a 2012353828 | ||
| 020 | _a9788131773413 | ||
| 025 | _aI-E-2012-353828; 92-91 | ||
| 035 | _a(IN-NdUBS) 2012353828 | ||
| 037 | _bLibrary of Congress -- New Delhi Overseas Office | ||
| 040 |
_aDLC _beng _erda _cDLC _dDLC |
||
| 042 |
_alcode _apcc |
||
| 050 | 0 | 0 |
_aPN4784.T4 _bK35 2012 |
| 082 | _a791.44028 | ||
| 100 | 1 |
_aKalra, Richa Jain, _eauthor. |
|
| 245 | 1 | 4 |
_aThe ABC of news anchoring : _ba guide for aspiring anchors / _cRicha Jain Kalra ; foreword by Prannoy Roy. |
| 264 | 1 |
_aNew Delhi : _bPearson Education, _c2012. |
|
| 300 |
_axii, 130 pages : _billustrations (chiefly color) ; _c20 cm |
||
| 336 |
_atext _btxt _2r dacontent |
||
| 337 |
_aunmediated _bn _2rdamedia |
||
| 338 |
_avolume _bnc _2rdacarrier |
||
| 650 | 0 | _aTelevision broadcasting of news. | |
| 906 |
_a7 _bcbc _corigode _d3 _encip _f20 _gy-gencatlg |
||
| 942 |
_2ddc _cBK |
||